书目信息 |
| 题名: |
数字媒体时代的广播电视技术发展与应用
|
|
| 作者: | 张洪冰, 著 | |
| 分册: | ||
| 出版信息: | 长春 吉林科学技术出版社 2019 |
|
| 页数: | 251页 | |
| 开本: | 21cm | |
| 丛书名: | ||
| 单 册: | ||
| 中图分类: | TN93 | |
| 科图分类: | ||
| 主题词: | 广播电视--guang bo dian shi--数字技术 | |
| 电子资源: | ||
| ISBN: | 978-7-5578-4359-5 | |
| 000 | 01160nam0 2200277 450 | |
| 001 | 012001004316 | |
| 005 | 20140102173520.0 | |
| 010 | @a978-7-5578-4359-5@dCNY59.50 | |
| 099 | @aCAL 012019083342 | |
| 100 | @a20190529d2019 em y0chiy50 ea | |
| 101 | 0 | @achi |
| 102 | @aCN@b220000 | |
| 105 | @ay a 000yy | |
| 106 | @ar | |
| 200 | 1 | @a数字媒体时代的广播电视技术发展与应用@Ashu zi mei ti shi dai de guang bo dian shi ji shu fa zhan yu ying yong@f张洪冰著 |
| 210 | @a长春@c吉林科学技术出版社@d2019 | |
| 215 | @a251页@d21cm | |
| 314 | @a张洪冰 (1961-),河南省广播电视大学《电子技术及应用》专业毕业,高级工程师,现任职于河南广播电视台。 | |
| 320 | @a有书目 (第248-251页) | |
| 330 | @a本书突出数字媒体时代的创新技术应用,紧贴数字传媒技术发展现实和发展前沿。介绍了以数字技术为基础的各新传媒技术要素的基本概念和技术特点。 | |
| 333 | @a本书可作为广播电视类及相近专业类院校的专业基础教材,也可作为广播电视工程技术人员和技术管理人员以及无线电爱好者的参考书。 | |
| 606 | 0 | @a广播电视@Aguang bo dian shi@x数字技术 |
| 690 | @aTN93@v5 | |
| 701 | 0 | @a张洪冰,@Azhang hong bing@f1961-@4著 |
| 801 | @b江苏凤凰@c20191020 | |
| 905 | @b1238418-23@dTN93@e23@f6 | |
| 数字媒体时代的广播电视技术发展与应用/张洪冰著.-长春:吉林科学技术出版社,2019 |
| 251页;21cm |
| 使用对象:本书可作为广播电视类及相近专业类院校的专业基础教材,也可作为广播电视工程技术人员和技术管理人员以及无线电爱好者的参考书。 |
| ISBN 978-7-5578-4359-5:CNY59.50 |
| 本书突出数字媒体时代的创新技术应用,紧贴数字传媒技术发展现实和发展前沿。介绍了以数字技术为基础的各新传媒技术要素的基本概念和技术特点。 |
| ● |
| 相关链接 |
|
|
|
|
正题名:数字媒体时代的广播电视技术发展与应用
索取号:TN93/23
 
预约/预借
| 序号 | 登录号 | 条形码 | 馆藏地/架位号 | 状态 | 备注 |
| 1 | 1238418 | 212384187 | 第二样本阅览室/ [索取号:TN93/23] | 在馆 | |
| 2 | 1238419 | 212384196 | 第三借阅区/ [索取号:TN93/23] | 在馆 | |
| 3 | 1238420 | 212384203 | 第三借阅区/ [索取号:TN93/23] | 在馆 | |
| 4 | 1238421 | 212384212 | 教育系资料室/ [索取号:TN93/23] | 在馆 | |
| 5 | 1238422 | 212384221 | 教育系资料室/ [索取号:TN93/23] | 在馆 | |
| 6 | 1238423 | 212384230 | 教育系资料室/ [索取号:TN93/23] | 在馆 |